Największe kraje na świecie (Dla Geomexa) - Statystyki

Ogólne statystyki
  • Ten quiz został rozwiązany 222 razy
    43 od ostatniego zresetowania
  • Średni wynik to 7 z 15
Statystyki odpowiedzi
Kilometry kwadratowe Kraj % Poprawnych
17 098 242 km2 Rosja
97%
9 596 960 Chiny
74%
9 525 067 USA
71%
9 984 670 Kanada
68%
7 682 300 Australia
52%
8 515 767 Brazylia
52%
3 287 263 Indie
45%
2 780 400 Argentyna
35%
2 344 858 Demokratyczna Republika Konga
32%
2 724 900 Kazachstan
32%
1 964 375 Meksyk
32%
2 381 741 Algieria
26%
2 149 690 Arabia Saudyjska
26%
1 904 569 Indonezja
26%
1 861 484 Sudan
19%
Nie znaleziono quizów pasujących do podanych kryteriów
Rozkład punktacji
Procent ludzi z każdym wynikiem
Percentyl według liczby udzielonych odpowiedzi
Twoja historia wyników
Nie rozwiązałeś tego quizu od ostatniego zresetowania